عرض عادي
عرض مارك
مدخل Personal Name
001 - CONTROL NUMBER
- control field: 10474
003 - CONTROL NUMBER IDENTIFIER
- control field: DLC
005 - DATE AND TIME OF LATEST TRANSACTION
- control field: 20260101140851.0
008 - FIXED-LENGTH DATA ELEMENTS
- fixed length control field: 171026n| azannaabn |n aaa c
010 ## - LIBRARY OF CONGRESS CONTROL NUMBER
- LC control number: no2017139337
035 ## - SYSTEM CONTROL NUMBER
- System control number: (OCoLC)oca11037428
040 ## - CATALOGING SOURCE
- Original cataloging agency: ICrlF
- Language of cataloging: eng
- Description conventions: rda
- Transcribing agency: ICrlF
100 1# - HEADING--PERSONAL NAME
- Personal name: Rubin, Andrew
372 ## - FIELD OF ACTIVITY
- Field of activity: Motion pictures--Production and direction
- Field of activity: Cinematography
- Source of term: lcsh
374 ## - OCCUPATION
- Occupation: Motion picture producers and directors
- Occupation: Cinematographers
- Source of term: lcsh
375 ## - GENDER
- Gender: Men
- Source of term: lcdgt
377 ## - ASSOCIATED LANGUAGE
- Language code: eng
670 ## - SOURCE DATA FOUND
- Source citation: Ride with Larry [VR], 2016, 2013 :
- Information found: container (directed by Andrew Rubin)
670 ## - SOURCE DATA FOUND
- Source citation: IMDB, Oct. 23, 2017 :
- Information found: (Andrew Rubin; producer, director, camera)
905 ## - cataloger
- cataloger: Auth_BKS